Divided Football Club Name Puzzle - Statistics

General Stats
  • This quiz has been taken 138 times
  • The average score is 12 of 20
Answer Stats
% Correct
JUV ENT US Juventus
92%
NEWC AS TLE Newcastle
92%
MANC HESTE RCITY Manchester City
89%
REA LMA DRID Real Madrid
80%
MONCH ENGLA DBACH Monchengladbach
79%
LI VERP OOL Liverpool
74%
INTE RM ILAN Inter Milan
73%
MARS EI LLE Marseille
69%
GAL ATAS ARAY Galatasaray
68%
VILL ARR EAL Villarreal
65%
FEY ENOO RD Feyenoord
63%
FEN ERBAH CE Fenerbahce
62%
OL YMPI ACOS Olympiacos
57%
PANAT HINA IKOS Panathinaikos
56%
MI DTJYLL AND Midtjylland
52%
FERE NCVAR OS Ferencvaros
51%
LE VERK USEN Leverkusen
48%
BA RCEL ONA Barcelona
42%
BE NFI CA Benfica
19%
PA LME IRAS Palmeiras
8%
No matching quizzes found
Score Distribution
Percent of People with Each Score
Percentile by Number Answered
Your Score History
You have not taken this quiz